A hortobágyi zárt munkatáborok története

Elmentve itt :
Bibliográfiai részletek
Szerző: Táborosi Levente
További közreműködők: Bencsik Péter (Témavezető)
Dokumentumtípus: Szakdolgozat
Megjelent: 2005
Tárgyszavak:
Online Access:http://diploma.bibl.u-szeged.hu/143534
LEADER 00668nta a2200193 i 4500
001 dipl143534
005 20250312141656.0
008 241204s2005 hu om 000 hun d
040 |a SZTE Diploma Repozitórium  |b hun 
041 |a hun 
100 1 |a Táborosi Levente 
245 1 2 |a A hortobágyi zárt munkatáborok története  |h [elektronikus dokumentum] /  |c Levente Táborosi 
260 |c 2005 
650 4 |a Bölcsészettudományok 
650 4 |a History and archaeology 
650 4 |a History 
650 4 |a Modern and contemporary history 
700 0 1 |a Bencsik Péter  |e ths 
856 4 0 |u https://diploma.bibl.u-szeged.hu/id/eprint/143534/1/2005_taborosi_levente.pdf  |z Dokumentum-elérés